000 00666nam a2200181Ia 4500
008 100917s9999 xx 000 0 und d
082 _b35019
100 _aतरवडे विजय - संपा.
245 _aसारे प्रवासी सांैदर्य तिमिराचे
260 _bतरवडे प्रकाशन
_c1977
300 _a71
365 _b6
520 _aकथा
630 _aसारे प्रवासी सांैदर्य तिमिराचे
650 _aकथा
730 _aसारे प्रवासी सांैदर्य तिमिराचे
942 _cBOOK
999 _c640413
_d640410